| Tag |
First Indicator |
Second Indicator |
Subfields |
| LEADER |
00000cam a2200000 a 4500 |
| 001 |
in00000026914 |
| 005 |
20151007054605.0 |
| 008 |
871217s1988 enka b 00100 eng d |
| 010 |
|
|
|a gb 87035760
|
| 015 |
|
|
|a GB87-35760
|
| 020 |
|
|
|a 085264289X :
|c £32.50
|
| 035 |
|
|
|a (OCoLC)16466906
|
| 035 |
|
|
|9 AAB5628AM
|
| 040 |
|
|
|a UKM
|c UKM
|d OCL
|d TXA
|d UtOrBLW
|
| 049 |
|
|
|a TXAM
|c [A11488577]
|
| 050 |
1 |
0 |
|a SB51
|
| 050 |
|
4 |
|a SB51
|b .M36 1988
|
| 070 |
0 |
|
|a SB51.M3
|
| 072 |
|
0 |
|a E100
|a F000
|
| 082 |
0 |
|
|a 631/.0724
|2 19
|
| 245 |
0 |
2 |
|a A Manual of crop experimentation /
|c S.C. Pearce [and others].
|
| 264 |
|
1 |
|a London :
|b Griffin ;
|a New York :
|b Oxford University Press,
|c 1988.
|
| 300 |
|
|
|a xi, 358 pages :
|b illustrations
|
| 336 |
|
|
|a text
|b txt
|2 rdacontent
|
| 337 |
|
|
|a unmediated
|b n
|2 rdamedia
|
| 338 |
|
|
|a volume
|b nc
|2 rdacarrier
|
| 504 |
|
|
|a Bibliography: pages 349-353.
|
| 500 |
|
|
|a Includes index.
|
| 650 |
|
0 |
|a Crops
|x Experiments.
|
| 700 |
1 |
|
|a Pearce, S. C.
|q (Stanley Clifford)
|
| 999 |
|
|
|a MARS
|
| 999 |
f |
f |
|s 634e0787-f239-3ed7-9145-8cdcc8231a81
|i 84e97e1c-2358-3b3b-be73-68a00d4d8f0e
|t 0
|
| 952 |
f |
f |
|p ric
|a Texas A&M University
|b Rellis Campus
|c Joint Library Facility
|d Remote Storage
|t 0
|e SB51 .M36 1988
|h Library of Congress classification
|i unmediated -- volume
|m A14811488577
|
| 998 |
f |
f |
|a SB51 .M36 1988
|t 0
|l Remote Storage
|